| 000 | 00790nam a2200277 a 4500 | ||
|---|---|---|---|
| 008 | |||
| 020 | _a0333967739 (pbk.) | ||
| 049 | _aMAIN | ||
| 090 |
_aS604.37 _bENG |
||
| 245 | 1 | 0 |
_aEnglish resource book for agriculture / _cco-ordinated by Ahmed El Ezabi. |
| 260 |
_aOxford : _bMacmillan Education, _c2001. |
||
| 300 |
_a320 p. : _bill. ; _c24 cm. |
||
| 650 | 1 | _aAgriculture. | |
| 700 | _aMansour, Hazem A. | ||
| 700 | _aAbdel-Rahim, Emam A | ||
| 700 | _aElnagar, Salah. | ||
| 700 | _aYonis, Samy M. | ||
| 700 | _aAnis, Sherif M. | ||
| 700 | _aBarkawi, Ashraf H. | ||
| 700 | _aNawar, Mohamed H. | ||
| 907 |
_a.b10275435 _b19-03-10 _c12-03-10 |
||
| 003 | |||
| 005 | 20230123125017.0 | ||
| 040 | _cNUST | ||
| 942 |
_cBOOKS _kS604.37 _mENG |
||
| 999 |
_c134123 _d134123 |
||